| 000 | 00644nam a2200229 a 4500 | ||
|---|---|---|---|
| 001 | 5869 | ||
| 003 | BD-JhCC | ||
| 005 | 20240516085551.0 | ||
| 008 | 171228s2005 b |||| || | 000 0 b d | ||
| 020 | _a9848683674 | ||
| 035 | _a(BD-JhCC)5869 | ||
| 040 |
_aBD-JhCC _dBD-JhCC |
||
| 041 | _aeng | ||
| 082 |
_bAHM 2005 _a891.443 |
||
| 100 | _aআহমেদ, হুমায়ূন | ||
| 245 |
_aপারাপার / _cহুমায়ূন আহমেদ। |
||
| 260 |
_aঢাকা : _bঅন্যপ্রকাশ, _c2005. |
||
| 300 |
_a102 p. : _c23 cm. |
||
| 650 | _aBengali Novel | ||
| 942 |
_2ddc _cBK _011 |
||
| 999 |
_c5869 _d5869 |
||